000 00489nam a2200205Ia 4500
008 170918s9999 xx 000 0 und d
020 _a9781416908647
050 _bA756 2007
100 _aArnold, Louise
245 _aGolden & Grey :
245 _ba good day for haunting /
245 _cLouise Arnold.
260 _aNew York :
260 _bScholastic,
260 _c2007
300 _a325 pages :
300 _bcolored illustration ;
300 _c19cm.
500 _a1000
999 _c342350
_d342350